[Event "San Francisco TNM Fall op"]
[Site "San Francisco"]
[Date "2012.11.27"]
[Round "7"]
[White "Mar, Henry"]
[Black "Godfrey, Benjamin"]
[Result "0-1"]
[WhiteElo "1509"]
[BlackElo "1072"]
[PlyCount "108"]
[EventDate "2012.10.16"]
[EventType "swiss"]
[EventRounds "9"]
[EventCountry "USA"]
[SourceTitle "EXT 2014"]
[Source "ChessBase"]
[SourceDate "2013.11.20"]
[SourceVersion "1"]
[SourceVersionDate "2013.11.20"]
[SourceQuality "1"]

1. e4 c5 2. d3 Nc6 3. Nf3 d6 4. g3 Bg4 5. Bg2 Qd7 6. 0-0 g6 7. Re1 Bg7 8. Nc3 Nf6 9. Rb1 0-0 10. Bf4 Rab8 11. Qd2 Nd4 12. Nxd4 cxd4 13. Nd5 e5 14. Bh6 Nxd5 15. Bxg7 Kxg7 16. exd5 Rbc8 17. f3 Bh3 18. c4 dxc3 19. bxc3 Bxg2 20. Kxg2 b5 21. Rb4 Rc5 22. c4 a5 23. Rxb5 Rxb5 24. cxb5 Qxb5 25. h4 Rc8 26. h5 Qa4 27. Re2 Rc5 28. h6+ Kf6 29. f4 Rxd5 30. fxe5+ dxe5 31. Rf2+ Ke6 32. Qg5 f5 33. Qc1 Rxd3 34. Qc8+ Qd7 35. Qa6+ Qd6 36. Qxa5 Ra3 37. Qb5 Qd5+ 38. Qxd5+ Kxd5 39. Rd2+ Ke6 40. Rb2 Kf6 41. Rb7 Rxa2+ 42. Kh3 g5 43. Rb6+ Kf7 44. Rb7+ Kg6 45. Rb6+ Kh5 46. g4+ fxg4+ 47. Kg3 Ra3+ 48. Kg2 e4 49. Re6 e3 50. Kf1 Ra2 51. Rxe3 Kxh6 52. Re6+ Kh5 53. Re7 h6 54. Re3 Kh4 0-1

[Event "San Francisco TNM Fall op"]
[Site "San Francisco"]
[Date "2012.11.13"]
[Round "5"]
[White "Sung, Kevin"]
[Black "Mar, Henry"]
[Result "1/2-1/2"]
[WhiteElo "1586"]
[BlackElo "1509"]
[PlyCount "89"]
[EventDate "2012.10.16"]
[EventType "swiss"]
[EventRounds "9"]
[EventCountry "USA"]
[SourceTitle "EXT 2014"]
[Source "ChessBase"]
[SourceDate "2013.11.20"]
[SourceVersion "1"]
[SourceVersionDate "2013.11.20"]
[SourceQuality "1"]

1. d4 Nf6 2. c4 e6 3. Nc3 Bb4 4. Qc2 0-0 5. a3 Bxc3+ 6. Qxc3 b6 7. Nf3 Bb7 8. g3 d5 9. Bg2 Ne4 10. Qc2 Nd7 11. 0-0 c5 12. cxd5 exd5 13. e3 cxd4 14. exd4 Rc8 15. Qb3 Qc7 16. Bf4 Qc4 17. Qxc4 Rxc4 18. Rac1 Rfc8 19. Rxc4 Rxc4 20. Rc1 Rxc1+ 21. Bxc1 f6 22. Kf1 b5 23. Ke2 Nb6 24. b3 Ba6 25. Ke3 Bb7 26. Ne1 f5 27. Nd3 Nd7 28. f3 Nef6 29. Nc5 Bc6 30. Kf4 g6 31. Kg5 Kf7 32. Bf4 Ng8 33. Nxd7 h6+ 34. Kh4 Bxd7 35. Bb8 a6 36. Bf1 Nf6 37. Kh3 f4+ 38. g4 h5 39. Be2 hxg4+ 40. fxg4 g5 41. Be5 Ne4 42. Kg2 Kg6 43. Bd1 Nf6 44. Bxf6 Kxf6 45. Kf2 1/2-1/2

[Event "San Francisco TNM Summer op"]
[Site "San Francisco"]
[Date "2012.07.03"]
[Round "7"]
[White "Frank, Robert"]
[Black "Mar, Henry"]
[Result "0-1"]
[WhiteElo "1361"]
[BlackElo "1505"]
[PlyCount "54"]
[EventDate "2012.05.22"]
[EventType "swiss"]
[EventRounds "8"]
[EventCountry "USA"]
[SourceTitle "EXT 2014"]
[Source "ChessBase"]
[SourceDate "2013.11.20"]
[SourceVersion "1"]
[SourceVersionDate "2013.11.20"]
[SourceQuality "1"]

1. d4 Nf6 2. Nf3 g6 3. g3 Bg7 4. Bg2 c6 5. 0-0 0-0 6. b3 d5 7. Bb2 Bf5 8. c4 Nbd7 9. Nc3 Re8 10. cxd5 cxd5 11. Re1 a6 12. Nh4 Be6 13. e4 Qb6 14. e5 Ng4 15. Nxd5 Bxd5 16. Qxg4 Be6 17. Qd1 Rad8 18. f4 f6 19. Nf3 Bd5 20. Qe2 e6 21. Kh1 Rc8 22. Rac1 Rc6 23. Rxc6 bxc6 24. Nd2 Bxg2+ 25. Qxg2 Qb7 26. Nc4 Bf8 27. Na5 Qb4 0-1

[Event "San Francisco TNM Spring op"]
[Site "San Francisco"]
[Date "2012.04.24"]
[Round "7"]
[White "Cowgill, Jackie P"]
[Black "Mar, Henry"]
[Result "0-1"]
[WhiteElo "822"]
[BlackElo "1500"]
[PlyCount "70"]
[EventDate "2012.03.13"]
[EventType "swiss"]
[EventRounds "8"]
[EventCountry "USA"]
[SourceTitle "EXT 2014"]
[Source "ChessBase"]
[SourceDate "2013.11.20"]
[SourceVersion "1"]
[SourceVersionDate "2013.11.20"]
[SourceQuality "1"]

1. e4 c6 2. d4 d5 3. exd5 cxd5 4. Nf3 Bf5 5. Nc3 Nf6 6. Be2 g6 7. 0-0 Bg7 8. Be3 0-0 9. Ne5 Nfd7 10. Bg4 Be6 11. Nxd7 Nxd7 12. Bxe6 fxe6 13. Ne2 e5 14. f3 exd4 15. Bxd4 e5 16. Bf2 Nf6 17. c3 b6 18. Re1 Qc7 19. Bg3 Rad8 20. Nd4 Rfe8 21. Rc1 Nh5 22. Ne2 Bh6 23. Bf2 Bxc1 24. Qxc1 Qf7 25. a4 Nf4 26. Nxf4 exf4 27. Bd4 Rxe1+ 28. Qxe1 Re8 29. Be5 Qe6 30. g3 Qxe5 31. Qxe5 Rxe5 32. gxf4 Re2 33. h4 Rxb2 34. h5 gxh5 35. a5 bxa5 0-1

[Event "San Francisco TNM Winter op"]
[Site "San Francisco"]
[Date "2012.02.14"]
[Round "7"]
[White "Hilliard, Michael"]
[Black "Mar, Henry"]
[Result "0-1"]
[WhiteElo "1408"]
[BlackElo "1523"]
[PlyCount "74"]
[EventDate "2012.01.03"]
[EventType "swiss"]
[EventRounds "8"]
[EventCountry "USA"]
[SourceTitle "EXT 2014"]
[Source "ChessBase"]
[SourceDate "2013.11.20"]
[SourceVersion "1"]
[SourceVersionDate "2013.11.20"]
[SourceQuality "1"]

1. d4 Nf6 2. Bg5 e6 3. e4 Be7 4. Nc3 b6 5. e5 Ng8 6. Be3 Ba6 7. Bxa6 Nxa6 8. a3 c6 9. b4 Nc7 10. Nf3 Nh6 11. Bxh6 gxh6 12. Qd2 Bg5 13. Nxg5 Qxg5 14. Qxg5 hxg5 15. Ne4 h6 16. Nf6+ Ke7 17. 0-0-0 Nd5 18. Ne4 Nf4 19. g3 Nd5 20. c4 Nc7 21. f4 b5 22. c5 Nd5 23. Rdf1 Rhg8 24. Nd6 Ne3 25. Rf2 a5 26. Kb2 axb4 27. axb4 Ra4 28. Kb3 Rga8 29. f5 Ra3+ 30. Kb2 Ra2+ 31. Kb1 Rxf2 32. f6+ Kf8 33. Ne4 Rf1+ 34. Rxf1 Nxf1 35. Kb2 Nxh2 36. Nc3 Nf3 37. Ne2 Ra4 0-1

[Event "San Francisco TNM Winter op"]
[Site "San Francisco"]
[Date "2012.02.07"]
[Round "6"]
[White "Poling, Scott"]
[Black "Mar, Henry"]
[Result "1-0"]
[WhiteElo "1640"]
[BlackElo "1523"]
[PlyCount "63"]
[EventDate "2012.01.03"]
[EventType "swiss"]
[EventRounds "8"]
[EventCountry "USA"]
[SourceTitle "EXT 2014"]
[Source "ChessBase"]
[SourceDate "2013.11.20"]
[SourceVersion "1"]
[SourceVersionDate "2013.11.20"]
[SourceQuality "1"]

1. e4 c6 2. d4 d5 3. exd5 cxd5 4. Bd3 e6 5. Nf3 Nd7 6. Bf4 Ngf6 7. Nbd2 g6 8. 0-0 Bg7 9. Bd6 Bf8 10. Bxf8 Kxf8 11. Ne5 Kg7 12. c3 Qc7 13. f4 h5 14. Qc2 Nxe5 15. fxe5 Ng4 16. Rae1 Qe7 17. Nf3 Bd7 18. Qd2 Raf8 19. Ng5 a6 20. h3 Nh6 21. Rf6 Nf5 22. Bxf5 exf5 23. Re3 Be6 24. h4 Qd7 25. Rg3 Rh6 26. Nxe6+ fxe6 27. Rxf8 Kxf8 28. Qxh6+ Qg7 29. Qxg6 Qxg6 30. Rxg6 Kf7 31. Rf6+ Ke7 32. Kf2 1-0

[Event "San Francisco TNM Winter op"]
[Site "San Francisco"]
[Date "2012.01.31"]
[Round "5"]
[White "Mar, Henry"]
[Black "Newey, Richard H"]
[Result "0-1"]
[WhiteElo "1523"]
[BlackElo "1724"]
[PlyCount "54"]
[EventDate "2012.01.03"]
[EventType "swiss"]
[EventRounds "8"]
[EventCountry "USA"]
[SourceTitle "EXT 2014"]
[Source "ChessBase"]
[SourceDate "2013.11.20"]
[SourceVersion "1"]
[SourceVersionDate "2013.11.20"]
[SourceQuality "1"]

1. e4 c5 2. Nf3 d6 3. d3 g6 4. g3 Bg7 5. Bg2 Nc6 6. 0-0 Bd7 7. c3 Nf6 8. Re1 Qc7 9. Ng5 0-0 10. Nd2 Rab8 11. Nc4 b5 12. Ne3 e6 13. f4 b4 14. Bd2 bxc3 15. bxc3 Rb5 16. Qc2 Rfb8 17. Rab1 Qb7 18. Rxb5 Qxb5 19. Nc4 Ne8 20. a4 Qb3 21. Rc1 Ne7 22. Bf1 Bxa4 23. Qxb3 Bxb3 24. Rb1 Nc6 25. Ra1 Bxc4 26. dxc4 a5 27. Nf3 Rb3 0-1

[Event "San Francisco TNM Fall op"]
[Site "San Francisco"]
[Date "2011.12.06"]
[Round "8"]
[White "Brown, Nicholas"]
[Black "Mar, Henry"]
[Result "1/2-1/2"]
[WhiteElo "1444"]
[BlackElo "1527"]
[PlyCount "145"]
[EventDate "2011.10.18"]
[EventType "swiss"]
[EventRounds "9"]
[EventCountry "USA"]
[SourceTitle "EXT 2016"]
[Source "ChessBase"]
[SourceDate "2015.10.08"]
[SourceVersion "1"]
[SourceVersionDate "2015.10.08"]
[SourceQuality "1"]

1. d4 c6 2. c4 d5 3. Nc3 Nf6 4. e3 Bf5 5. Nf3 e6 6. Be2 Bd6 7. 0-0 0-0 8. Qb3 Qc7 9. c5 Be7 10. Qd1 Nbd7 11. Bd3 Bxd3 12. Qxd3 b6 13. b4 bxc5 14. bxc5 Rab8 15. e4 dxe4 16. Nxe4 Nxe4 17. Qxe4 Nf6 18. Qe2 Nd5 19. Bd2 Bf6 20. Rfb1 Nf4 21. Qe4 Ng6 22. Bg5 Bxg5 23. Nxg5 h6 24. Nf3 Rfd8 25. Rxb8 Rxb8 26. Rb1 Rxb1+ 27. Qxb1 Nf4 28. Qe4 Nd5 29. Qe1 a5 30. Qb1 Qf4 31. h3 Nc3 32. Qe1 Qc1 33. Qxc1 Ne2+ 34. Kf1 Nxc1 35. Ne5 Nxa2 36. Nxc6 a4 37. Nb8 Nb4 38. c6 Nd5 39. Na6 a3 40. Nc5 a2 41. Nb3 Kf8 42. Ke2 Ke8 43. Kd2 Nb4 44. Kc3 Nxc6 45. Kb2 Nb4 46. Kc3 Nd5+ 47. Kb2 Nb4 48. g3 Nd3+ 49. Kxa2 Nxf2 50. h4 Ne4 51. g4 g5 52. hxg5 hxg5 53. Nc1 Nf2 54. Ne2 Nxg4 55. Kb3 Ne3 56. Ng3 f5 57. Kc3 f4 58. Ne4 g4 59. Kd3 Nf5 60. Nf6+ Ke7 61. Nxg4 f3 62. Ke4 Kd6 63. Kxf3 Nxd4+ 64. Ke4 Nf5 65. Nf2 Ng3+ 66. Kf3 Nf5 67. Kf4 Kd5 68. Ng4 Kd4 69. Ne5 Nd6 70. Nf3+ Kd5 71. Ne5 Kd4 72. Nf3+ Kd5 73. Ne5 1/2-1/2

[Event "San Francisco TNM Fall op"]
[Site "San Francisco"]
[Date "2011.11.29"]
[Round "7"]
[White "Mar, Henry"]
[Black "Hilliard, Michael"]
[Result "0-1"]
[WhiteElo "1527"]
[BlackElo "1428"]
[PlyCount "106"]
[EventDate "2011.10.18"]
[EventType "swiss"]
[EventRounds "9"]
[EventCountry "USA"]
[SourceTitle "EXT 2016"]
[Source "ChessBase"]
[SourceDate "2015.10.08"]
[SourceVersion "1"]
[SourceVersionDate "2015.10.08"]
[SourceQuality "1"]

1. e4 c6 2. Nf3 d5 3. d3 Nd7 4. Nbd2 Ngf6 5. g3 e6 6. Bg2 Qb6 7. 0-0 Bc5 8. Nb3 d4 9. Nxc5 Qxc5 10. a3 e5 11. Nh4 0-0 12. b4 Qb6 13. Nf5 Qc7 14. Bg5 Re8 15. h4 a6 16. h5 c5 17. Bd2 b5 18. g4 c4 19. g5 g6 20. Nh6+ Kg7 21. gxf6+ Nxf6 22. hxg6 fxg6 23. Bg5 Qd7 24. f4 Ng8 25. f5 Nxh6 26. f6+ Kf7 27. Bxh6 c3 28. Qf3 Rb8 29. Kf2 Rb6 30. Bg5 Rh8 31. Ke2 h6 32. Rh1 h5 33. Bh3 Qd8 34. Bxc8 Qxc8 35. Qh3 Re6 36. Raf1 Qa8 37. Rf2 a5 38. Rb1 axb4 39. axb4 Qa2 40. Rc1 Qb2 41. Qf1 Qxb4 42. Rb1 Qa4 43. Qc1 Ra8 44. Rf1 Rea6 45. Bh4 b4 46. Qh6 Qxc2+ 47. Kf3 Qxd3+ 48. Kg2 Qxe4+ 49. Kg1 Qg4+ 50. Kh1 Qxh4+ 51. Kg1 Qg3+ 52. Kh1 Qh3+ 53. Kg1 Qe3+ 0-1

[Event "San Francisco TNM Fall op"]
[Site "San Francisco"]
[Date "2011.11.15"]
[Round "5"]
[White "Bertot, German"]
[Black "Mar, Henry"]
[Result "1-0"]
[WhiteElo "1629"]
[BlackElo "1527"]
[PlyCount "91"]
[EventDate "2011.10.18"]
[EventType "swiss"]
[EventRounds "9"]
[EventCountry "USA"]
[SourceTitle "EXT 2016"]
[Source "ChessBase"]
[SourceDate "2015.10.08"]
[SourceVersion "1"]
[SourceVersionDate "2015.10.08"]
[SourceQuality "1"]

1. d4 c6 2. c4 Nf6 3. Nc3 d5 4. Bg5 e6 5. e3 h6 6. Bh4 Be7 7. Nf3 Nbd7 8. Bd3 b6 9. cxd5 cxd5 10. Rc1 Bb7 11. 0-0 0-0 12. a3 Ne4 13. Bxe7 Qxe7 14. Nd2 f5 15. f3 Ng5 16. Qe1 Qe8 17. Nb5 Qg6 18. Nd6 Bc8 19. Rc7 Nf6 20. Qh4 Nf7 21. Nxf7 Rxf7 22. Rfc1 Rxc7 23. Rxc7 Qg5 24. Qxg5 hxg5 25. Bb5 a6 26. Bc6 Rb8 27. Nb1 g4 28. Kf2 gxf3 29. gxf3 Kh7 30. Nc3 Kg6 31. Ne2 a5 32. Nf4+ Kh6 33. Re7 Ng8 34. Re8 Nf6 35. Rh8+ Nh7 36. Nxe6 Kg6 37. Nf4+ Kf7 38. Bxd5+ Kf6 39. Rxh7 Bd7 40. Nh5+ Kg6 41. Rxg7+ Kxh5 42. Rxd7 Rc8 43. Bb3 Kg6 44. Rd6+ Kg5 45. Rxb6 Rh8 46. Kg3 1-0

[Event "San Francisco TNM Fall op"]
[Site "San Francisco"]
[Date "2011.11.01"]
[Round "3"]
[White "Mar, Henry"]
[Black "Campers, William"]
[Result "0-1"]
[WhiteElo "1527"]
[BlackElo "1748"]
[PlyCount "94"]
[EventDate "2011.10.18"]
[EventType "swiss"]
[EventRounds "9"]
[EventCountry "USA"]
[SourceTitle "EXT 2016"]
[Source "ChessBase"]
[SourceDate "2015.10.08"]
[SourceVersion "1"]
[SourceVersionDate "2015.10.08"]
[SourceQuality "1"]

1. e4 e6 2. d3 d5 3. Nd2 Be7 4. Ngf3 c5 5. g3 Nc6 6. Bg2 Nf6 7. 0-0 0-0 8. Re1 Qb6 9. c3 Rd8 10. Qe2 Re8 11. Nf1 a5 12. h4 h6 13. e5 Nd7 14. N1h2 Qc7 15. Bf4 b5 16. Ng4 Ba6 17. Qd2 h5 18. Nf6+ Nxf6 19. exf6 Bd6 20. Bxd6 Qxd6 21. fxg7 Kxg7 22. Qg5+ Kf8 23. Qh6+ Ke7 24. Qg5+ Kd7 25. Qxh5 Re7 26. Bh3 Rg8 27. Ne5+ Nxe5 28. Rxe5 Kc7 29. d4 c4 30. b4 axb4 31. Qf3 bxc3 32. Qxc3 b4 33. Qc2 Bb5 34. Rc1 Qb6 35. Qd1 Kd8 36. Qd2 c3 37. Qe3 Qa5 38. Bg2 Bc4 39. h5 Qxa2 40. h6 Qd2 41. Ra1 Rc7 42. Qf3 Ke7 43. Qh5 Rh8 44. h7 Qd3 45. Qg5+ Kd7 46. Qf6 Qxh7 47. Ra5 Qh2# 0-1

[Event "San Francisco TNM Fall op"]
[Site "San Francisco"]
[Date "2011.10.25"]
[Round "2"]
[White "Sherwood, Peter"]
[Black "Mar, Henry"]
[Result "1-0"]
[WhiteElo "1766"]
[BlackElo "1527"]
[PlyCount "93"]
[EventDate "2011.10.18"]
[EventType "swiss"]
[EventRounds "9"]
[EventCountry "USA"]
[SourceTitle "EXT 2016"]
[Source "ChessBase"]
[SourceDate "2015.10.08"]
[SourceVersion "1"]
[SourceVersionDate "2015.10.08"]
[SourceQuality "1"]

1. e4 c6 2. d4 d5 3. Nc3 dxe4 4. Nxe4 Bf5 5. Ng3 Bg6 6. h4 h5 7. Nf3 f6 8. Bf4 e6 9. Bc4 Bf7 10. Qe2 Be7 11. Bxe6 Bxe6 12. Qxe6 Qd7 13. Qe4 Kf7 14. 0-0-0 Qd5 15. Qxd5+ cxd5 16. Rhe1 Nc6 17. c3 g6 18. Re2 Rc8 19. Rde1 Nb4 20. Kd2 Nc6 21. Nf1 Na5 22. Ne3 Nc4+ 23. Kd3 Nb6 24. Nc2 a5 25. Re6 Nc4 26. Bc1 Rc6 27. Rxc6 bxc6 28. Nd2 Nd6 29. g3 Nh6 30. Ne3 Rd8 31. Nb3 Ne4 32. Re2 c5 33. Nxd5 Nxf2+ 34. Rxf2 Rxd5 35. Bxh6 cxd4 36. Nxd4 Bc5 37. Be3 Bd6 38. Rf3 Be5 39. Ke4 Rd6 40. Bf4 Bxf4 41. Rxf4 f5+ 42. Kd3 Rb6 43. b3 Rb7 44. Nf3 Kf6 45. Rd4 Rb6 46. c4 a4 47. c5 1-0

[Event "San Francisco TNM Litowsky op"]
[Site "San Francisco"]
[Date "2011.08.16"]
[Round "3"]
[White "Hilliard, Michael"]
[Black "Mar, Henry"]
[Result "1-0"]
[WhiteElo "1448"]
[BlackElo "1537"]
[PlyCount "93"]
[EventDate "2011.08.02"]
[EventType "swiss"]
[EventRounds "9"]
[EventCountry "USA"]
[SourceTitle "EXT 2016"]
[Source "ChessBase"]
[SourceDate "2015.10.08"]
[SourceVersion "1"]
[SourceVersionDate "2015.10.08"]
[SourceQuality "1"]

1. d4 Nf6 2. Bg5 e6 3. Nf3 Be7 4. e3 0-0 5. Bd3 d5 6. 0-0 c5 7. c3 c4 8. Bc2 Nbd7 9. Nbd2 a6 10. Re1 b5 11. e4 dxe4 12. Nxe4 Nd5 13. Qd2 Re8 14. b3 N7b6 15. bxc4 Nxc4 16. Qe2 h6 17. Bd2 Qc7 18. a4 Bd7 19. Bb3 Rac8 20. Bxc4 bxc4 21. Ne5 Nf6 22. Qf3 Bc6 23. Nxf6+ Bxf6 24. Qg3 Kh7 25. Qh3 Bxe5 26. Rxe5 Bd5 27. Rh5 Rh8 28. Re1 f6 29. Re3 Qb7 30. Kf1 Be4 31. Re1 Bd3+ 32. Kg1 Bf5 33. Qg3 g5 34. f4 g4 35. Qh4 Qg7 36. Re3 Rb8 37. Rg3 Rb1+ 38. Kf2 Rb2 39. Ke3 Qb7 40. Rxh6+ Kg8 41. Rxh8+ Kg7 42. Qh6+ Kf7 43. Qh5+ Kg7 44. Rxg4+ Bxg4 45. Rh7+ Kf8 46. Rxb7 Bxh5 47. Rxb2 1-0

[Event "San Francisco TNM Summer op"]
[Site "San Francisco"]
[Date "2011.05.24"]
[Round "1"]
[White "Mar, Henry"]
[Black "Grey, Peter G"]
[Result "0-1"]
[WhiteElo "1544"]
[BlackElo "2006"]
[PlyCount "134"]
[EventDate "2011.05.24"]
[EventType "swiss"]
[EventRounds "8"]
[EventCountry "USA"]
[SourceTitle "EXT 2016"]
[Source "ChessBase"]
[SourceDate "2015.10.08"]
[SourceVersion "1"]
[SourceVersionDate "2015.10.08"]
[SourceQuality "1"]

1. e4 c5 2. Nf3 e6 3. d3 Nc6 4. g3 Nf6 5. Bg2 Be7 6. 0-0 d5 7. e5 Nd7 8. Re1 0-0 9. h4 h6 10. Nc3 Rb8 11. Nb5 a6 12. Nd6 Ndxe5 13. Nxc8 Nxf3+ 14. Bxf3 Rxc8 15. c3 Bf6 16. Bg4 b5 17. Qe2 d4 18. Bd2 dxc3 19. Bxc3 Nd4 20. Bxd4 Qxd4 21. Rab1 Rfd8 22. Red1 Rc7 23. b3 Rcd7 24. Bf3 Qb4 25. Be4 Rd6 26. Qf3 Qa5 27. Qe2 Bd4 28. Qc2 Qb6 29. Kg2 f5 30. Bf3 Bf6 31. Be2 Bd4 32. Bh5 e5 33. Bf3 Qa7 34. a4 Qd7 35. axb5 Qxb5 36. Qc4+ Kf8 37. Bh5 g6 38. Be2 Kg7 39. f3 Rb8 40. Rdc1 Qa5 41. Qc2 Qa3 42. Rd1 Rb4 43. Rd2 Rdb6 44. Bd1 a5 45. Qa2 Qxa2 46. Rxa2 a4 47. Ra3 Kf6 48. Bc2 axb3 49. Raxb3 g5 50. Rxb4 cxb4 51. Bb3 Ke7 52. Bc4 Kd6 53. Bb3 Kc5 54. Rc1+ Bc3 55. Kf2 Kd4 56. Ke2 Ra6 57. Bc4 gxh4 58. gxh4 Rg6 59. Kf2 f4 60. Rg1 Rxg1 61. Kxg1 Ke3 62. Kg2 Kd2 63. Kf2 Bd4+ 64. Kf1 Kc2 65. Ke2 b3 66. h5 b2 67. Ba2 Be3 0-1

[Event "San Francisco TNM Winter op"]
[Site "San Francisco"]
[Date "2011.01.25"]
[Round "4"]
[White "MacIntyre, Brendan"]
[Black "Mar, Henry"]
[Result "1-0"]
[WhiteElo "1669"]
[BlackElo "1523"]
[PlyCount "92"]
[EventDate "2011.01.04"]
[EventType "swiss"]
[EventRounds "8"]
[EventCountry "USA"]
[SourceTitle "EXT 2012"]
[Source "ChessBase"]
[SourceDate "2011.11.24"]
[SourceVersion "1"]
[SourceVersionDate "2011.11.24"]
[SourceQuality "1"]

1. d4 Nf6 2. c4 g6 3. Nc3 Bg7 4. e4 d6 5. Be2 0-0 6. Nf3 e5 7. d5 Nbd7 8. 0-0 Nc5 9. Qc2 Ne8 10. b4 Na6 11. Ba3 b6 12. Qa4 f5 13. c5 Nb8 14. c6 Bh6 15. b5 Nf6 16. Bc1 f4 17. Qb3 Kh8 18. Bb2 g5 19. Rad1 Ne8 20. Qc4 g4 21. Nxe5 dxe5 22. f3 Nd6 23. Qb3 Rg8 24. fxg4 Bxg4 25. Bxg4 Rxg4 26. Rf3 Bg7 27. a4 a5 28. Re1 Qg5 29. Re2 Qh5 30. Nd1 Qg6 31. Qc2 h5 32. h3 Rg5 33. Ba3 Bf8 34. Nb2 Qg7 35. Bxd6 Bxd6 36. Nd3 Rg3 37. Ref2 h4 38. Rf1 Qg6 39. Qe2 Qh5 40. Qb2 Kh7 41. Qd2 Nxc6 42. dxc6 Rag8 43. R3f2 Rd8 44. Qa2 Qg6 45. Qd5 Qf6 46. Qc4 Qe7 1-0

[Event "San Francisco TNM Winter op"]
[Site "San Francisco"]
[Date "2011.01.04"]
[Round "1"]
[White "Mar, Henry"]
[Black "Ochoa, Jason"]
[Result "0-1"]
[WhiteElo "1523"]
[BlackElo "1900"]
[PlyCount "108"]
[EventDate "2011.01.04"]
[EventType "swiss"]
[EventRounds "8"]
[EventCountry "USA"]
[SourceTitle "EXT 2012"]
[Source "ChessBase"]
[SourceDate "2011.11.24"]
[SourceVersion "1"]
[SourceVersionDate "2011.11.24"]
[SourceQuality "1"]

1. e4 Nc6 2. Nf3 e5 3. g3 Nf6 4. d3 Bc5 5. Bg2 d6 6. 0-0 0-0 7. Bg5 h6 8. Be3 Bxe3 9. fxe3 Ng4 10. Qd2 Be6 11. c3 d5 12. exd5 Bxd5 13. e4 Be6 14. Nh4 Qd7 15. Na3 Rad8 16. Rad1 Bxa2 17. Qe2 Be6 18. Nc2 Ne7 19. Ne3 Nxe3 20. Qxe3 Bg4 21. Rd2 b6 22. Nf3 Bxf3 23. Qxf3 c5 24. Rfd1 Nc6 25. Qh5 a5 26. Bh3 Qd6 27. g4 Qe7 28. Qf5 Qg5 29. Qxg5 hxg5 30. Bf1 Rd6 31. h3 Rfd8 32. Kf2 Rf6+ 33. Kg3 Rdd6 34. Rf2 Rxf2 35. Kxf2 Rf6+ 36. Kg3 Ne7 37. d4 cxd4 38. cxd4 exd4 39. Bg2 Rd6 40. e5 Rd8 41. Be4 f6 42. e6 Rd6 43. Bd3 Nc6 44. Re1 Kf8 45. Bb5 Ke7 46. Rc1 Ne5 47. Rc7+ Kxe6 48. Rxg7 d3 49. Ba4 Kd5 50. Rc7 Kd4 51. Kf2 Ng6 52. Rc3 Nf4 53. Bb5 d2 54. Rc4+ Ke5 0-1